000 00609nam a2200229Ia 4500
003 OSt
005 20221006165008.0
006 a|||||r|||| 00| 0
007 ta
008 221006b |||||||| |||| 00| 0 eng d
024 _a2,918
037 _cTextual
040 _aFML
_cFML
_beng
041 _2eng
_aeng
082 _aT:3(NR), P2
100 _aSharma Premlata Au.
_9677030
245 0 _aModern Methods of Teaching Music and Dance
260 _aNew Delhi
_bSarup
_c2002
300 _a255
_ccm.
942 _hT:3(NR), P2
_cTEXL
_2CC
999 _c1119213
_d1119213